| 000 | 00806cam a2200253 a 4500 | ||
|---|---|---|---|
| 001 | 000014333 | ||
| 005 | 20200929163558.0 | ||
| 008 | 780426s1970 ve af b 000 0 spa | ||
| 035 | _a(DLC) 78345025 | ||
| 040 |
_aDO-SdBNP _cDLC _dDLC |
||
| 050 | 0 | 0 |
_aHC237 _b.V463 |
| 082 |
_aNN _bV455s |
||
| 100 | 1 |
_aVenegas Filardo, Pascual, _d1911- _96819 |
|
| 245 | 1 | 0 |
_aSiete ensayos sobre economÍa de Venezuela / _cPascual Venegas Filardo. |
| 260 |
_aCaracas : _bMonte Ávila, _c1970. |
||
| 300 |
_a141 p. : _bil., retrs. ; _c24 cm. |
||
| 490 | 1 | _aTemas venezolanos | |
| 504 | _aIncluye bibliografía y notas al pie de las páginas | ||
| 651 | 0 |
_aVenezuela _xEconomic Conditions _y1958- _932350 |
|
| 830 | 0 |
_aTemas venezolanos. _96823 |
|
| 910 | _aCatalogación por copia/LC | ||
| 910 | _aDC | ||
| 049 | _aBNGR | ||
| 999 |
_c13928 _d13928 |
||